[Event "Montcalm-ch"]
[Site "Quebec CAN"]
[Date "2019.05.09"]
[Round "3"]
[White "Sauve, Richard"]
[Black "Lapierre, Gaetan"]
[Result "1/2-1/2"]
[WhiteElo "1931"]
[BlackElo "1765"]
[PlyCount "56"]
[EventDate "2019.04.25"]
[EventType "tourn"]
[EventRounds "5"]
[EventCountry "CAN"]

1. d4 d5 2. c4 c6 3. Nc3 Nf6 4. e3 e6 5. Nf3 Be7 6. Qc2 O-O 7. Bd3 dxc4 8. Bxc4
b5 9. Bd3 a6 10. O-O Nbd7 11. Rd1 h6 12. a3 c5 13. dxc5 Bxc5 14. b4 Bb6 15. Bb2
Bb7 16. Qe2 Qe7 17. h3 Rac8 18. Rac1 Bxf3 19. Qxf3 Ne5 20. Qe2 Nc4 21. Nb1 Nxb2
22. Qxb2 Rfd8 23. Rxc8 Rxc8 24. Rc1 Rxc1+ 25. Qxc1 Qc7 26. Qxc7 Bxc7 27. Kf1
Kf8 28. Ke2 Ke7 1/2-1/2

[Event "Montcalm-ch"]
[Site "Quebec CAN"]
[Date "2019.05.16"]
[Round "4"]
[White "Cournoyer, Dominic"]
[Black "Genest, Dominic"]
[Result "1/2-1/2"]
[WhiteElo "1982"]
[BlackElo "1825"]
[PlyCount "82"]
[EventDate "2019.04.25"]
[EventType "tourn"]
[EventRounds "5"]
[EventCountry "CAN"]

1. c4 e6 2. g3 d5 3. Bg2 Nf6 4. Nf3 c6 5. Qc2 Bd6 6. O-O Nbd7 7. b3 O-O 8. Bb2
e5 9. d3 d4 10. Nbd2 Bb4 11. a3 Bxd2 12. Qxd2 a5 13. b4 axb4 14. axb4 Rxa1 15.
Rxa1 b6 16. e3 c5 17. exd4 exd4 18. Ng5 Qc7 19. bxc5 bxc5 20. Qa5 Qe5 21. Qd2
Re8 22. Nf3 Qb8 23. Ba3 Bb7 24. Qb2 Qc7 25. Rb1 Rb8 26. Qc2 Ng4 27. Bc1 Nge5
28. Nxe5 Nxe5 29. Bf4 Bxg2 30. Rxb8+ Qxb8 31. Bxe5 Qb7 32. f4 Bh1 33. Qe2 Bf3
34. Qf1 Bc6 35. Bd6 Qb4 36. Qe2 Qa3 37. h4 Qc1+ 38. Qf1 Qe3+ 39. Kh2 Qd2+ 40.
Kg1 Qe3+ 41. Kh2 Qd2+ 1/2-1/2

[Event "Montcalm-ch"]
[Site "Quebec CAN"]
[Date "2019.05.16"]
[Round "4"]
[White "Lapierre, Gaetan"]
[Black "Perreault, Jacquelin"]
[Result "1/2-1/2"]
[WhiteElo "1765"]
[BlackElo "1727"]
[PlyCount "99"]
[EventDate "2019.04.25"]
[EventType "tourn"]
[EventRounds "5"]
[EventCountry "CAN"]

1. d4 Nf6 2. c4 e6 3. Nc3 Bb4 4. Bd2 b6 5. Nf3 Bb7 6. e3 O-O 7. Be2 d6 8. O-O
Nbd7 9. a3 Bxc3 10. Bxc3 Ne4 11. Rc1 f5 12. b4 Nxc3 13. Rxc3 e5 14. c5 e4 15.
Nd2 dxc5 16. bxc5 bxc5 17. Qb3+ Kh8 18. Qxb7 Rb8 19. Qa6 cxd4 20. exd4 Nf6 21.
Qc4 Rb2 22. Rd1 f4 23. Rb3 Rxb3 24. Nxb3 Nd5 25. g3 f3 26. Bf1 e3 27. Bd3 Qg5
28. Re1 exf2+ 29. Kxf2 Nf4 30. Re4 Nh3+ 31. Kf1 f2 32. Qf7 Qd8 33. Qe7 Qb8 34.
Qb4 Qd8 35. Rh4 Ng5 36. Rf4 Rxf4 37. gxf4 Nh3 38. Qb7 Nxf4 39. Qe4 Nxd3 40.
Qxd3 Qh4 41. Qg3 Qe4 42. Qxf2 Qb1+ 43. Kg2 Qxb3 44. Qf8+ Qg8 45. Qc5 Qb8 46.
Kf3 h6 47. Ke4 Qb1+ 48. Kf3 Qf1+ 49. Kg3 Qe1+ 50. Kg2 1/2-1/2

[Event "Montcalm-ch"]
[Site "Quebec CAN"]
[Date "2019.05.16"]
[Round "4"]
[White "Sauve, Richard"]
[Black "Labrecque, Rejean"]
[Result "0-1"]
[WhiteElo "1931"]
[BlackElo "1757"]
[PlyCount "96"]
[EventDate "2019.04.25"]
[EventType "tourn"]
[EventRounds "5"]
[EventCountry "CAN"]

1. d4 d5 2. c4 e6 3. Nc3 Nf6 4. Bg5 Nbd7 5. e3 c6 6. Nf3 Qa5 7. Qc2 Ne4 8. cxd5
exd5 9. Bd3 Nxg5 10. Nxg5 h6 11. Nf3 Be7 12. O-O O-O 13. a3 Nf6 14. b4 Qd8 15.
h3 Be6 16. Ne5 Rc8 17. f4 Nd7 18. Rf3 Nxe5 19. fxe5 b6 20. Rc1 c5 21. bxc5 bxc5
22. Ba6 Rc6 23. Bb5 Rb6 24. a4 a6 25. Be2 cxd4 26. exd4 Rc6 27. Qb3 Qd7 28. Na2
Rxc1+ 29. Nxc1 Qa7 30. Qd1 Rc8 31. Na2 Rc6 32. Rc3 Bd7 33. Bf3 Rc4 34. Rxc4
dxc4 35. Kh1 Qb6 36. Nc3 Qb3 37. Qa1 Bb4 38. Nd5 c3 39. Nxb4 Qxb4 40. d5 Qb2
41. Qxb2 cxb2 42. Be4 Bxa4 43. d6 Kf8 44. Kg1 Bb3 45. Bb1 a5 46. Kf2 a4 47. Bf5
a3 48. e6 fxe6 0-1

[Event "Montcalm-ch"]
[Site "Quebec CAN"]
[Date "2019.05.23"]
[Round "5"]
[White "Genest, Dominic"]
[Black "Sauve, Richard"]
[Result "1-0"]
[WhiteElo "1825"]
[BlackElo "1931"]
[PlyCount "119"]
[EventDate "2019.04.25"]
[EventType "tourn"]
[EventRounds "5"]
[EventCountry "CAN"]

1. c4 e6 2. g3 d5 3. Bg2 c6 4. Nf3 Nf6 5. O-O Be7 6. b3 O-O 7. Bb2 Nbd7 8. d3
Re8 9. Nbd2 b6 10. e3 Bb7 11. cxd5 cxd5 12. Qe2 Nc5 13. b4 Na4 14. Rab1 Rc8 15.
a3 Nc3 16. Bxc3 Rxc3 17. Rb3 Rxb3 18. Nxb3 Qd7 19. Rc1 Rc8 20. Qb2 Bd6 21. Bh3
Rxc1+ 22. Qxc1 Qc8 23. Qxc8+ Bxc8 24. Nbd4 Bd7 25. Kf1 Kf8 26. Ke2 Ke7 27. Kd2
h6 28. Ne2 Be8 29. Nfd4 g6 30. Nc2 a5 31. f4 Ba4 32. Ned4 e5 33. fxe5 Bxe5 34.
Bg2 Kd6 35. Ne2 Bxc2 36. Kxc2 Ng4 37. Kd2 Bb2 38. bxa5 bxa5 39. h3 Nf6 40. Nc3
Kc6 41. a4 Kc5 42. Kc2 Ba3 43. Na2 Bb4 44. d4+ Kb6 45. Nxb4 axb4 46. Kb3 Ka5
47. Bf3 h5 48. h4 Ng4 49. Bxd5 Nxe3 50. Bxf7 Nf5 51. d5 Nxg3 52. d6 Ne4 53.
Bxg6 Nxd6 54. Bxh5 Nf5 55. Bg6 Nxh4 56. Be4 Kb6 57. Kxb4 Ka6 58. a5 Ka7 59. Kb5
Kb8 60. Kb6 1-0

[Event "Montcalm-ch"]
[Site "Quebec CAN"]
[Date "2019.05.23"]
[Round "5"]
[White "Labrecque, Rejean"]
[Black "Lapierre, Gaetan"]
[Result "1-0"]
[WhiteElo "1757"]
[BlackElo "1765"]
[PlyCount "60"]
[EventDate "2019.04.25"]
[EventType "tourn"]
[EventRounds "5"]
[EventCountry "CAN"]

1. d4 Nf6 2. c4 e6 3. Nf3 b6 4. e3 Bb7 5. Bd3 Ne4 6. O-O f5 7. Nc3 Nxc3 8. bxc3
Be7 9. a4 O-O 10. Ba3 d6 11. Qe2 g6 12. e4 Nd7 13. Rae1 Bf6 14. e5 Bxf3 15.
gxf3 dxe5 16. Bxf8 Qxf8 17. f4 e4 18. Bc2 c5 19. Rd1 cxd4 20. cxd4 Qh6 21. f3
Qg7 22. d5 Bd4+ 23. Kh1 e5 24. fxe4 fxe4 25. fxe5 Bxe5 26. Qxe4 Qh6 27. Rf2 Re8
28. Qg2 Bd6 29. Bf5 Ne5 30. Be6+ Kh8 1-0

[Event "Montcalm-ch"]
[Site "Quebec CAN"]
[Date "2019.05.23"]
[Round "5"]
[White "Perreault, Jacquelin"]
[Black "Cournoyer, Dominic"]
[Result "0-1"]
[WhiteElo "1727"]
[BlackElo "1982"]
[PlyCount "70"]
[EventDate "2019.04.25"]
[EventType "tourn"]
[EventRounds "5"]
[EventCountry "CAN"]

1. e4 c6 2. d4 d5 3. Nd2 dxe4 4. Nxe4 Nd7 5. Nf3 Ngf6 6. Nxf6+ Nxf6 7. h3 g6 8.
Bd3 Bg7 9. O-O O-O 10. Bf4 Qb6 11. Qd2 c5 12. c3 cxd4 13. cxd4 Be6 14. Be5 Bd5
15. Qe3 Rac8 16. Rfc1 Qxb2 17. Rab1 Rxc1+ 18. Rxc1 Qxa2 19. Rc7 e6 20. Bd6 Ra8
21. Qf4 Qa1+ 22. Kh2 Qd1 23. Be5 Qxd3 24. Bxf6 Qf5 25. Qxf5 exf5 26. Bxg7 Kxg7
27. Ne5 Rd8 28. f3 a5 29. Rc5 b6 30. Rb5 Be6 31. Rb2 a4 32. Nd3 a3 33. Rb1 Bc4
34. Ne5 Be6 35. Ra1 a2 0-1

[Event "Montreal CC-ch"]
[Site "Montreal CAN"]
[Date "2019.06.07"]
[Round "1.1"]
[White "Yu, Zong Yang"]
[Black "Millette, Sylvain"]
[Result "1-0"]
[WhiteElo "2476"]
[BlackElo "1615"]
[PlyCount "51"]
[EventDate "2019.06.07"]
[EventType "swiss"]
[EventRounds "5"]
[EventCountry "CAN"]

1. Nf3 Nf6 2. c4 g6 3. Nc3 d5 4. cxd5 Nxd5 5. h4 Nxc3 6. bxc3 h6 7. e4 c5 8. d4
Bg7 9. Be3 cxd4 10. cxd4 Nc6 11. Qd2 Qa5 12. Qxa5 Nxa5 13. Rc1 Nc6 14. d5 Ne5
15. Nxe5 Bxe5 16. f4 Bd6 17. Bb5+ Bd7 18. Bxd7+ Kxd7 19. e5 Bb4+ 20. Ke2 b6 21.
Rc4 Ba5 22. Rhc1 Rhc8 23. e6+ fxe6 24. dxe6+ Kd8 25. f5 Rxc4 26. Rxc4 1-0

[Event "Montreal CC-ch"]
[Site "Montreal CAN"]
[Date "2019.06.07"]
[Round "1.3"]
[White "Rodrigue-Lemieux, Shawn"]
[Black "Hernandez, Juan Felipe"]
[Result "1-0"]
[WhiteElo "2391"]
[BlackElo "1598"]
[PlyCount "47"]
[EventDate "2019.06.07"]
[EventType "swiss"]
[EventRounds "5"]
[EventCountry "CAN"]

1. e4 e6 2. d4 d5 3. Nd2 c5 4. Ngf3 Nc6 5. c3 Nf6 6. Bd3 cxd4 7. cxd4 dxe4 8.
Nxe4 Bb4+ 9. Nc3 Nd5 10. Qc2 Qa5 11. Bd2 Bd7 12. O-O Rc8 13. a3 Be7 14. Rfe1 h6
15. b4 Qb6 16. Nxd5 exd5 17. Qa2 Be6 18. Rad1 O-O 19. Bb1 Bf6 20. Qc2 g6 21.
Rxe6 fxe6 22. Qxg6+ Bg7 23. Bxh6 Rf7 24. Ng5 1-0

[Event "Montreal CC-ch"]
[Site "Montreal CAN"]
[Date "2019.06.07"]
[Round "1.4"]
[White "Ostaci, Liviu"]
[Black "Saha, Ananda"]
[Result "0-1"]
[WhiteElo "1582"]
[BlackElo "2273"]
[PlyCount "64"]
[EventDate "2019.06.07"]
[EventType "swiss"]
[EventRounds "5"]
[EventCountry "CAN"]

1. Nf3 Nf6 2. g3 b6 3. Bg2 Bb7 4. O-O g6 5. d4 Bg7 6. c4 O-O 7. Nc3 d6 8. Qc2
c5 9. d5 Na6 10. e4 Nc7 11. Re1 e5 12. Bg5 a6 13. Bf1 Bc8 14. a3 h6 15. Bxf6
Qxf6 16. Nh4 Bd7 17. a4 Rab8 18. Reb1 Qg5 19. Qc1 Qe7 20. b4 a5 21. bxa5 bxa5
22. Rxb8 Rxb8 23. Rb1 Rb4 24. Rxb4 cxb4 25. Nb5 Na6 26. f3 Nc5 27. Qe1 Nxa4 28.
Qa1 Bxb5 29. cxb5 Qa7+ 30. Kg2 Nc3 31. g4 Bf6 32. Kh3 Qf2 0-1

[Event "Montreal CC-ch"]
[Site "Montreal CAN"]
[Date "2019.06.07"]
[Round "1.5"]
[White "Tanaka, Tyler"]
[Black "He, Zekai"]
[Result "1-0"]
[WhiteElo "2230"]
[BlackElo "1581"]
[PlyCount "79"]
[EventDate "2019.06.07"]
[EventType "swiss"]
[EventRounds "5"]
[EventCountry "CAN"]

1. Nf3 c5 2. e4 e6 3. d4 cxd4 4. Nxd4 a6 5. c4 Qc7 6. Nc3 Nf6 7. a3 Be7 8. Be3
Nc6 9. Be2 O-O 10. O-O d6 11. Rc1 Nd7 12. Qd2 Nc5 13. Bd1 a5 14. Rb1 Ne5 15. b3
Bd7 16. f4 Ng6 17. Bc2 Rad8 18. Ncb5 Bxb5 19. Nxb5 Qc6 20. Qxa5 Ra8 21. Qe1 d5
22. Nd4 Qd7 23. exd5 exd5 24. b4 Na4 25. c5 Bf6 26. Qd2 Rfe8 27. Rbe1 Nh4 28.
Bf2 Ng6 29. Rxe8+ Rxe8 30. c6 bxc6 31. Bxa4 Bxd4 32. Bxd4 Qg4 33. h3 Qd7 34.
Re1 Ra8 35. Qe3 h6 36. Bc2 Qd6 37. f5 Nf8 38. Qe5 Qxe5 39. Rxe5 Rxa3 40. Re8
1-0

[Event "Montreal CC-ch"]
[Site "Montreal CAN"]
[Date "2019.06.07"]
[Round "1.6"]
[White "Varfalvy, Peter"]
[Black "Feoktistov, Dmitri"]
[Result "0-1"]
[WhiteElo "1576"]
[BlackElo "2218"]
[PlyCount "68"]
[EventDate "2019.06.07"]
[EventType "swiss"]
[EventRounds "5"]
[EventCountry "CAN"]

1. Nf3 f5 2. d4 Nf6 3. Bf4 g6 4. e3 Bg7 5. Nc3 O-O 6. Nb5 d6 7. Bc4+ e6 8. Ng5
Re8 9. h4 h6 10. Nh3 a6 11. Nc3 b5 12. Be2 b4 13. Bf3 c6 14. Na4 Qa5 15. b3 e5
16. dxe5 dxe5 17. Bg3 f4 18. Nxf4 exf4 19. Bxf4 Nd5 20. Bxd5+ cxd5 21. O-O Nc6
22. Qd3 Bf5 23. Qd1 Rad8 24. g4 Be6 25. Qd3 Bf7 26. Rad1 d4 27. e4 Ne5 28. Bxe5
Qxe5 29. Rfe1 Be6 30. Qe2 Qf4 31. f3 h5 32. Rd3 Qg3+ 33. Kf1 Bxg4 34. Qg2 Bh3
0-1

[Event "Montreal CC-ch"]
[Site "Montreal CAN"]
[Date "2019.06.07"]
[Round "1.7"]
[White "Zhong, Kevin"]
[Black "Lamoureux, Yvon"]
[Result "1-0"]
[WhiteElo "2193"]
[BlackElo "1560"]
[PlyCount "101"]
[EventDate "2019.06.07"]
[EventType "swiss"]
[EventRounds "5"]
[EventCountry "CAN"]

1. e4 Nf6 2. e5 Nd5 3. Nc3 Nxc3 4. dxc3 d6 5. Nf3 Nc6 6. Bf4 Bg4 7. Bb5 Qd7 8.
h3 Bxf3 9. Qxf3 a6 10. Ba4 O-O-O 11. O-O-O Kb8 12. exd6 cxd6 13. Rhe1 b5 14.
Bb3 e6 15. c4 Na5 16. c5 Nxb3+ 17. axb3 Qb7 18. Qxb7+ Kxb7 19. cxd6 Kc6 20. Re3
b4 21. Red3 f6 22. d7 Bc5 23. Be3 Bxe3+ 24. Rxe3 e5 25. Re4 a5 26. Rc4+ Kb7 27.
Rd5 Ra8 28. Rb5+ Ka6 29. Rcc5 Rhd8 30. Rxa5+ Kb7 31. Rab5+ Ka6 32. Ra5+ Kb7 33.
Rxa8 Rxa8 34. Kd2 Rd8 35. Rd5 Kc6 36. Rd3 f5 37. c3 e4 38. Rd4 Rxd7 39. Rxd7
Kxd7 40. cxb4 Kd6 41. Ke3 Kc6 42. Kf4 g6 43. g4 fxg4 44. hxg4 h5 45. gxh5 gxh5
46. Kxe4 h4 47. Kf4 Kb5 48. Kg4 Kxb4 49. Kxh4 Kxb3 50. f4 Kc4 51. f5 1-0

[Event "Montreal CC-ch"]
[Site "Montreal CAN"]
[Date "2019.06.07"]
[Round "1.8"]
[White "He, Jiaqi"]
[Black "Pomerantz, Daniel"]
[Result "0-1"]
[WhiteElo "1552"]
[BlackElo "2191"]
[PlyCount "72"]
[EventDate "2019.06.07"]
[EventType "swiss"]
[EventRounds "5"]
[EventCountry "CAN"]

1. e4 c5 2. Nf3 e6 3. d4 cxd4 4. Nxd4 Nc6 5. Nc3 Qc7 6. g3 a6 7. Bg2 Nf6 8. O-O
Nxd4 9. Qxd4 Bc5 10. Qd3 d6 11. Bg5 Nd7 12. Rad1 Ne5 13. Qe2 b5 14. Kh1 Bb7 15.
Be3 Bxe3 16. Qxe3 O-O 17. a3 Rfd8 18. Rfe1 Nc4 19. Qc1 Nxa3 20. bxa3 Qxc3 21.
Re3 Qc5 22. Red3 Rd7 23. Qd2 Rad8 24. Rc3 Qb6 25. Rb3 Rc7 26. Rd3 h6 27. Rb1
Qc5 28. Rd1 Qxc2 29. Rxd6 Qxd2 30. Rxd8+ Qxd8 31. Rxd8+ Kh7 32. h3 Kg6 33. Rd3
Kf6 34. f4 Rc1+ 35. Kh2 Rc2 36. Kg1 Rxg2+ 0-1

[Event "Montreal CC-ch"]
[Site "Montreal CAN"]
[Date "2019.06.07"]
[Round "1.9"]
[White "Zheng, Richard"]
[Black "Sonn, Eric"]
[Result "1-0"]
[WhiteElo "2165"]
[BlackElo "1545"]
[PlyCount "45"]
[EventDate "2019.06.07"]
[EventType "swiss"]
[EventRounds "5"]
[EventCountry "CAN"]

1. b3 e5 2. Bb2 d6 3. e3 f5 4. d4 Nd7 5. dxe5 Nxe5 6. Nf3 Qe7 7. Be2 Nf6 8. c4
Nxf3+ 9. Bxf3 g6 10. O-O Bg7 11. Nc3 c6 12. Qc2 O-O 13. Rad1 Be6 14. Rd2 Rad8
15. Rfd1 Rd7 16. a4 a5 17. Ne2 Rfd8 18. Bc3 Ne4 19. Bxe4 Bxc3 20. Nxc3 fxe4 21.
Qxe4 Qf6 22. Qd4 Qg5 23. Ne4 1-0

[Event "Montreal CC-ch"]
[Site "Montreal CAN"]
[Date "2019.06.07"]
[Round "1.10"]
[White "Chira, Dan"]
[Black "Broday, Gabriel Renan"]
[Result "0-1"]
[WhiteElo "1518"]
[BlackElo "2115"]
[PlyCount "132"]
[EventDate "2019.06.07"]
[EventType "swiss"]
[EventRounds "5"]
[EventCountry "CAN"]

1. d4 d5 2. Bf4 Nf6 3. Nf3 c5 4. e3 Nc6 5. c3 Qb6 6. Qb3 c4 7. Qxb6 axb6 8. Na3
Ra5 9. Bc7 Nd7 10. Be2 e6 11. Nc2 Ra6 12. a3 b5 13. Kd2 Nf6 14. Rhb1 Kd7 15.
Bf4 Na5 16. Ne5+ Ke8 17. Ke1 Bd7 18. Nb4 Ra8 19. Nxd7 Kxd7 20. Ra2 Nb3 21. f3
Bxb4 22. cxb4 Rhc8 23. Bd1 Ra6 24. Bc2 h6 25. Kd1 Ng8 26. g4 Ne7 27. Bg3 h5 28.
Ke2 hxg4 29. fxg4 Nc6 30. Rf1 f6 31. Bxb3 cxb3 32. Raa1 Na7 33. Rad1 Rc2+ 34.
Rd2 Rac6 35. Rfd1 Nc8 36. Rxc2 Rxc2+ 37. Rd2 Nb6 38. Rxc2 bxc2 39. Kd2 Nc4+ 40.
Kc1 Nxe3 41. h3 g5 42. Bf2 Ng2 43. Kxc2 f5 44. b3 Nf4 45. h4 gxh4 46. gxf5 h3
47. fxe6+ Nxe6 48. Bg3 Nxd4+ 49. Kd3 Nf3 50. a4 h2 51. Bxh2 Nxh2 52. Kc3 Kd6
53. Kd3 Ke5 54. Ke3 Ng4+ 55. Kd2 Nf2 56. Ke2 Kd4 57. Kd2 Ne4+ 58. Kc2 Ke3 59.
Kd1 d4 60. a5 d3 61. a6 Nf2+ 62. Kc1 d2+ 63. Kb1 d1=Q+ 64. Ka2 Qc2+ 65. Ka3 Nd1
66. axb7 Qb2# 0-1

[Event "Montreal CC-ch"]
[Site "Montreal CAN"]
[Date "2019.06.07"]
[Round "1.11"]
[White "Tremblay, Alain"]
[Black "Adimi, Ammar"]
[Result "1-0"]
[WhiteElo "2078"]
[BlackElo "1489"]
[PlyCount "96"]
[EventDate "2019.06.07"]
[EventType "swiss"]
[EventRounds "5"]
[EventCountry "CAN"]

1. Nf3 Nf6 2. d4 e6 3. Bg5 d5 4. e3 c5 5. c3 Bd7 6. Nbd2 Be7 7. Bd3 c4 8. Bc2
b5 9. a3 a5 10. Ne5 Bc6 11. O-O b4 12. axb4 axb4 13. Rxa8 Bxa8 14. Ba4+ Kf8 15.
f4 b3 16. Qa1 Bb7 17. Bb5 Qb6 18. Qa4 h6 19. Bh4 g6 20. e4 Kg7 21. exd5 exd5
22. Ra1 Nbd7 23. Nxd7 Nxd7 24. Bxe7 Ra8 25. Bxd7 Rxa4 26. Bxa4 Qe6 27. Ba3 Qe3+
28. Kh1 Qxd2 29. f5 gxf5 30. Bd7 f4 31. Bg4 Qc2 32. Rf1 f5 33. Bf3 Kf6 34. h3
Bc6 35. Re1 Qf2 36. Re2 Qf1+ 37. Kh2 Bd7 38. Be7+ Kg6 39. Bh4 Qc1 40. Bxd5 f3
41. Bxf3 f4 42. d5 Bf5 43. d6 Qc2 44. d7 Bxd7 45. Be4+ Bf5 46. Bxc2 bxc2 47.
Re1 Be4 48. g4 Bd3 1-0

[Event "Montreal CC-ch"]
[Site "Montreal CAN"]
[Date "2019.06.07"]
[Round "1.12"]
[White "Tesar, Mathias"]
[Black "Jacquet, Stephane"]
[Result "0-1"]
[WhiteElo "1478"]
[BlackElo "2012"]
[PlyCount "98"]
[EventDate "2019.06.07"]
[EventType "swiss"]
[EventRounds "5"]
[EventCountry "CAN"]

1. d4 d5 2. Bf4 Nf6 3. e3 g6 4. Nc3 Bg7 5. h4 h5 6. Nf3 c6 7. Ne5 Ng4 8. Nxg4
Bxg4 9. Qd2 Nd7 10. f3 Be6 11. Bd3 a6 12. O-O-O b5 13. Rdg1 Qa5 14. g4 c5 15.
gxh5 Rxh5 16. Rxg6 fxg6 17. Bxg6+ Bf7 18. Bxh5 Bxh5 19. Qg2 Bf8 20. Nxd5 Rc8
21. Kb1 cxd4 22. exd4 Bf7 23. Qg5 Nb6 24. Bd2 Qa4 25. b3 Qxd4 26. Nxb6 Qxb6 27.
h5 Qc6 28. Qf5 Rd8 29. Bg5 Qd5 30. Qf4 Bg7 31. Re1 Qd1+ 32. Rxd1 Rxd1+ 33. Qc1
Rxc1+ 34. Kxc1 Bxh5 35. f4 Bc3 36. a4 Kd7 37. axb5 axb5 38. Bh6 e6 39. Bg5 Kd6
40. Bh6 Kd5 41. Bg5 Ke4 42. Bh6 Bb4 43. Bg5 Bd6 44. Kd2 Bxf4+ 45. Bxf4 Kxf4 46.
c4 b4 47. Kd3 e5 48. c5 Bf7 49. Kc2 Bd5 0-1

[Event "Montreal CC-ch"]
[Site "Montreal CAN"]
[Date "2019.06.07"]
[Round "1.13"]
[White "Chang, Alexander"]
[Black "Milosz, Jerzy"]
[Result "1/2-1/2"]
[WhiteElo "1958"]
[BlackElo "1463"]
[PlyCount "64"]
[EventDate "2019.06.07"]
[EventType "swiss"]
[EventRounds "5"]
[EventCountry "CAN"]

1. e4 c6 2. d4 d5 3. e5 Bf5 4. Nf3 e6 5. Bd3 Bxd3 6. Qxd3 h6 7. O-O Ne7 8. Nc3
Ng6 9. Ne2 Be7 10. Ng3 Nd7 11. Be3 Qb6 12. b3 Nh4 13. Nxh4 Bxh4 14. c4 Bxg3 15.
hxg3 a6 16. c5 Qb5 17. Qc3 a5 18. a4 Qa6 19. f4 Qe2 20. Rf3 f5 21. Qd2 Qxd2 22.
Bxd2 h5 23. Rb1 Ke7 24. Kf2 Rhb8 25. b4 axb4 26. Rxb4 Kd8 27. Rbb3 Kc8 28. Ke2
Ra6 29. Kd3 g6 30. Rb2 Raa8 31. Kc2 Ra6 32. Kd3 Raa8 1/2-1/2

[Event "Montreal CC-ch"]
[Site "Montreal CAN"]
[Date "2019.06.08"]
[Round "2.1"]
[White "Latorre, Vincent"]
[Black "Yu, Zong Yang"]
[Result "0-1"]
[WhiteElo "1819"]
[BlackElo "2476"]
[PlyCount "78"]
[EventDate "2019.06.07"]
[EventType "swiss"]
[EventRounds "5"]
[EventCountry "CAN"]

1. e4 c5 2. Nf3 e6 3. d4 cxd4 4. Nxd4 a6 5. Nc3 Qc7 6. Be3 Nf6 7. Bd3 Bc5 8.
O-O d6 9. Qe2 e5 10. Nb3 Bxe3 11. Qxe3 Be6 12. Rad1 O-O 13. Be2 Rd8 14. Bf3
Nbd7 15. Rd2 Nb6 16. Nd5 Bxd5 17. exd5 Nc4 18. Qc3 Rdc8 19. Re2 Qb6 20. g3 Qb5
21. Rd1 e4 22. Bxe4 Nxb2 23. Qd2 Nxd1 24. Qxd1 Re8 25. Nd4 Qc4 26. Bd3 Qxd5 27.
c4 Qh5 28. Qb3 Qc5 29. Rd2 g6 30. Nf3 Re7 31. Qb2 Ng4 32. Bf1 Qf5 33. Nh4 Qe5
34. Qb6 Qa1 35. Nf3 Ne5 36. Nxe5 Rxe5 37. Qxd6 Re1 38. Qd3 Qc1 39. Kg2 Rxf1 0-1

[Event "Montreal CC-ch"]
[Site "Montreal CAN"]
[Date "2019.06.08"]
[Round "2.3"]
[White "Vignalou, Joseph"]
[Black "Rodrigue-Lemieux, Shawn"]
[Result "0-1"]
[WhiteElo "1723"]
[BlackElo "2391"]
[PlyCount "68"]
[EventDate "2019.06.07"]
[EventType "swiss"]
[EventRounds "5"]
[EventCountry "CAN"]

1. e4 c6 2. d4 d5 3. Nc3 dxe4 4. Nxe4 Nf6 5. Nxf6+ exf6 6. c3 Bd6 7. Bd3 O-O 8.
Qh5 f5 9. Ne2 g6 10. Qh6 Re8 11. Bg5 f6 12. Bd2 Bf8 13. Qh4 Be6 14. c4 Na6 15.
a3 Nc5 16. Qg3 Nb3 17. Rd1 Nxd4 18. O-O Nxe2+ 19. Bxe2 Qe7 20. Qc3 Qf7 21. Be3
b6 22. Rd2 Kg7 23. Rfd1 Qc7 24. h4 Be7 25. g3 Rad8 26. Bf4 Qc8 27. Bf3 Rxd2 28.
Rxd2 Rd8 29. h5 Rxd2 30. Bxd2 Qd7 31. h6+ Kf7 32. b4 Bd6 33. Bf4 Bxf4 34. gxf4
Qd6 0-1

[Event "Montreal CC-ch"]
[Site "Montreal CAN"]
[Date "2019.06.08"]
[Round "2.4"]
[White "Saha, Ananda"]
[Black "Barko, Maxim"]
[Result "1-0"]
[WhiteElo "2273"]
[BlackElo "1863"]
[PlyCount "71"]
[EventDate "2019.06.07"]
[EventType "swiss"]
[EventRounds "5"]
[EventCountry "CAN"]

1. Nf3 Nf6 2. g3 g6 3. b3 Bg7 4. Bb2 d6 5. Bg2 e5 6. d3 O-O 7. O-O c5 8. c4 Nc6
9. Nc3 h6 10. Nd2 Nh5 11. Nd5 Ne7 12. e4 Nxd5 13. cxd5 b5 14. f4 exf4 15. Bxg7
Kxg7 16. gxf4 Qh4 17. Qe1 Qg4 18. h3 Qg3 19. Qxg3 Nxg3 20. Rf2 h5 21. h4 Bg4
22. Bf3 f5 23. Kg2 fxe4 24. dxe4 Rxf4 25. Kxg3 Raf8 26. Raf1 g5 27. hxg5 h4+
28. Kg2 Kg6 29. Bxg4 Rxg4+ 30. Kh3 Rxf2 31. Rxf2 Rxg5 32. Kxh4 a5 33. Nf3 Rh5+
34. Kg4 Rh1 35. Nh4+ Kg7 36. Nf5+ 1-0

[Event "Montreal CC-ch"]
[Site "Montreal CAN"]
[Date "2019.06.08"]
[Round "2.5"]
[White "Khudaverdian, Berj"]
[Black "Tanaka, Tyler"]
[Result "0-1"]
[WhiteElo "1701"]
[BlackElo "2230"]
[PlyCount "84"]
[EventDate "2019.06.07"]
[EventType "swiss"]
[EventRounds "5"]
[EventCountry "CAN"]

1. Nf3 Nf6 2. g3 g6 3. Bg2 Bg7 4. O-O O-O 5. d3 d6 6. e4 c5 7. Nbd2 Nc6 8. c3
e5 9. Nc4 b5 10. Ne3 Rb8 11. Qe2 a5 12. Bd2 a4 13. h3 Nh5 14. Nd5 Ne7 15. g4
Nxd5 16. exd5 Nf6 17. Bg5 h6 18. Bxf6 Bxf6 19. Rab1 Bg7 20. Nh2 Bb7 21. Rfd1
Qa5 22. Nf1 Rbe8 23. Qc2 f5 24. gxf5 gxf5 25. b4 cxb4 26. Rxb4 Rc8 27. a3 e4
28. c4 Bxd5 29. Ne3 Be6 30. Rxb5 Qxb5 31. cxb5 Rxc2 32. Nxc2 Bb3 33. dxe4 Bxc2
34. Rxd6 fxe4 35. Rc6 Bd3 36. b6 Rb8 37. h4 Bd4 38. Rxh6 Rxb6 39. Rh5 Rb1+ 40.
Kh2 Bxf2 41. Rg5+ Kh7 42. Kh3 e3 0-1

[Event "Montreal CC-ch"]
[Site "Montreal CAN"]
[Date "2019.06.08"]
[Round "2.6"]
[White "Feoktistov, Dmitri"]
[Black "O'Neill, Brendon"]
[Result "1-0"]
[WhiteElo "2218"]
[BlackElo "1800"]
[PlyCount "38"]
[EventDate "2019.06.07"]
[EventType "swiss"]
[EventRounds "5"]
[EventCountry "CAN"]

1. d4 d5 2. c4 e6 3. Nc3 Nf6 4. Bg5 Be7 5. Nf3 h6 6. Bh4 O-O 7. e3 c5 8. dxc5
Qa5 9. a3 dxc4 10. Bxc4 Qxc5 11. Qe2 Bd7 12. O-O Bc6 13. e4 Nbd7 14. b4 Qh5 15.
b5 Nxe4 16. Nxe4 Bxe4 17. Bxe7 Rfe8 18. Qxe4 Rxe7 19. Qxb7 Qc5 1-0

[Event "Montreal CC-ch"]
[Site "Montreal CAN"]
[Date "2019.06.08"]
[Round "2.7"]
[White "Gauthier, Luc"]
[Black "Zhong, Kevin"]
[Result "1/2-1/2"]
[WhiteElo "1691"]
[BlackElo "2193"]
[PlyCount "117"]
[EventDate "2019.06.07"]
[EventType "swiss"]
[EventRounds "5"]
[EventCountry "CAN"]

1. e4 c5 2. Nc3 Nc6 3. g3 g6 4. Bg2 Bg7 5. d3 d6 6. f4 e6 7. Nf3 Nge7 8. O-O
O-O 9. Be3 Nd4 10. e5 Nef5 11. Bf2 Nxf3+ 12. Qxf3 Nd4 13. Qd1 dxe5 14. fxe5
Bxe5 15. Ne4 f5 16. Nxc5 Qd6 17. b4 Nc6 18. Rb1 Bd4 19. Qd2 a5 20. c3 Bxf2+ 21.
Qxf2 axb4 22. cxb4 Ra3 23. Bxc6 Qxc6 24. Qb2 Ra7 25. Rfc1 Qd5 26. Qb3 Rxa2 27.
Qxd5 exd5 28. Ra1 Rb2 29. Rab1 Rxb1 30. Rxb1 b6 31. Na4 Rf6 32. b5 Bd7 33. d4
f4 34. Nc3 fxg3 35. hxg3 Kf7 36. Re1 Be6 37. Na4 Rf3 38. Rf1 Rxf1+ 39. Kxf1 Bd7
40. Nc3 Ke6 41. Kf2 Kd6 42. Kf3 Bf5 43. g4 Be4+ 44. Kf4 h6 45. Kg3 Bd3 46. Kf4
Bc4 47. Kg3 Ke6 48. Kf4 Kf6 49. Na4 Bxb5 50. Nxb6 Bc6 51. g5+ hxg5+ 52. Kg4 Bb7
53. Nd7+ Ke7 54. Ne5 Kf6 55. Nd7+ Kg7 56. Kxg5 Bc8 57. Ne5 Bf5 58. Nc6 Kf7 59.
Ne5+ 1/2-1/2